Konkurencieschopnosť podniku založená na nehmotnom majetku

Prítomnosť nehmotného majetku v podnikaní ako súčasť konkurenčnej výhody. Nehmotné faktory prítomné v podnikateľskej činnosti možno považovať za hlavné nositele hodnoty mnohých úspešných spoločnosti. Logo ako symbol konkurencieschopnosti podniku.

Saved in:
Bibliographic Details
Main Author: Križan, Martin
Format: Book Chapter
Language:Slovak
Subjects:
Tags: Add Tag
No Tags, Be the first to tag this record!

MARC

LEADER 00000nla a2200000 4500
001 0201702
005 20240502073410.8
041 0 |a slo 
044 |a SK 
245 1 0 |a Konkurencieschopnosť podniku založená na nehmotnom majetku  |c Martin Križan 
520 |a Prítomnosť nehmotného majetku v podnikaní ako súčasť konkurenčnej výhody. Nehmotné faktory prítomné v podnikateľskej činnosti možno považovať za hlavné nositele hodnoty mnohých úspešných spoločnosti. Logo ako symbol konkurencieschopnosti podniku. 
610 2 0 |a podnik 
610 2 0 |a majetok nehmotný 
610 2 0 |a logo 
610 2 0 |a výhody konkurenčné 
100 1 |a Križan, Martin